000 00698nas a2200253 i 4500
001 1560
003 ES-MaACL
005 20250217134247.0
007 t|
008 950801c1954 sp | | 1 ||pa d
022 _a0029-5795
080 _a(051)
245 0 0 _aNuestro tiempo
_b: revista de cuestiones actuales /
_cdir. Antonio Fontán.
260 _aMadrid :
_bS.A.R.P.E,
_c1954-
300 _a58 v. ;
_c21 cm.
310 _aMensual
362 0 _aAño 1, n. 1 (jul. 1954)-
650 1 4 _aRevistas de información general.
_916896
700 1 _aFontán, Antonio.
_951585
852 _aES-MaACL
_jHEM-1917
866 0 _o1955-1983
942 _2udc
999 _c1560
_d1560